Statistics for Arctic Monkeys - Crying Lightning Lyrics Quiz

Click here to take the quiz!

General Stats

  • This quiz has been taken 814 times
  • The average score is 185 of 260

Answer Stats

Answer% Correct
you
98%
a
97%
the
97%
I
96%
and
95%
n
92%
your
92%
crying
91%
of
90%
lightning
89%
on
89%
that
86%
to
86%
called
85%
fact
85%
magic
85%
trick
85%
as
84%
my
84%
out
84%
were
84%
factory
82%
last
81%
though
81%
pick
80%
by
79%
cracker
79%
game
79%
little
79%
got
78%
had
78%
in
78%
outside
78%
mix
77%
strange
77%
thoughts
77%
twisted
77%
chewed
76%
rude
76%
strawberry
75%
was
75%
consisted
74%
talked
74%
cafe
73%
or
73%
time
72%
deranged
71%
like
71%
before
70%
rainy
70%
cold
69%
hate
69%
it
69%
lace
68%
how
66%
man
66%
cream
65%
ice
65%
been
63%
gobstopper
63%
thinking
63%
you're
63%
afternoons
62%
bit
62%
if
61%
into
60%
me
60%
mistaken
60%
form
59%
side
59%
going
58%
its
57%
it's
57%
said
57%
attention
55%
practising
55%
haven't
54%
left
54%
never
54%
no
53%
way
52%
caught
51%
reflection
51%
all
49%
aggravate
48%
but
48%
meet
48%
own
48%
not
47%
next
45%
excuses
44%
icky
44%
postpone
43%
war
41%
from
40%
lost
40%
pastimes
40%
looked
39%
loved
39%
profile
39%
could
38%
throne
38%
yourself
38%
approaching
37%
chest
35%
hide
35%
knew
35%
are
34%
with
33%
arms
32%
puffed
32%
so
32%
toothache
31%
folded
30%
reaction
28%
tried
28%
you'd
27%
assumes
26%
everyone
26%
uninviting
26%
occupied
25%
offered
25%
bench
24%
impossible
24%
indignity
24%
stood
24%
there
23%
suffer
22%
claw
20%
grasp
19%
half
18%
to waste
18%
cracks
17%
gaps
17%

Score Distribution

Percentile by Number Answered

Percent of People with Each Score

Your Score History

You have not taken this quiz